Normal view
MARC view
- الاسرة-علم النفس الاجتماعي
Entry Topical Term
001 - CONTROL NUMBER
- control field: 31095
003 - CONTROL NUMBER IDENTIFIER
- control field: JO-AjAnu
005 - DATE AND TIME OF LATEST TRANSACTION
- control field: 20230606075235.0
008 - FIXED-LENGTH DATA ELEMENTS
- fixed length control field: 230606|| aca||aabn | a|a d
040 ## - CATALOGING SOURCE
- Original cataloging agency: JO-AjAnu
- Transcribing agency: JO-AjAnu
150 ## - HEADING--TOPICAL TERM
- Topical term or geographic name entry element: الاسرة-علم النفس الاجتماعي
670 ## - SOURCE DATA FOUND
- Source citation: Work cat.: (JO-AjAnu)15968: العيسوي،عبد الرحمن , author 31094, علم النفس الأسري :المشكلات والبرامج الإرشادية